| 000 | 00515nam a2200181Ia 4500 | ||
|---|---|---|---|
| 005 | 20250923144237.0 | ||
| 008 | 008 250917s9999 xx 000 0 eng d | ||
| 037 | _aTextual | ||
| 040 |
_aDSWL _beng _cDSWL |
||
| 041 |
_aeng _2eng |
||
| 084 |
_aV5:17:N3, H1 _qDSWL |
||
| 100 |
_aTownsend, M.E _9822781 |
||
| 245 | 0 |
_aEuropean colonial expansionsince 1871 _cby M.E Townsend |
|
| 260 |
_aChicago _c1941 |
||
| 300 | _a629 p. | ||
| 942 |
_cTEXL _hV5:17:N3, H1 |
||
| 999 |
_c1436524 _d1436524 |
||